| 000 | 01377cam a22002775a 4500 | ||
|---|---|---|---|
| 001 | E133787 | ||
| 002 | 9931 | ||
| 008 | 000000s2006 xxk 000 0 eng u | ||
| 020 | _a1405140496 | ||
| 035 | _a(Sirsi) u133787 | ||
| 041 | _aeng | ||
| 050 | _a692.8 | ||
| 100 | _aChappell, David | ||
| 245 | 0 | 4 |
_aThe JCT intermediate building contracts 2005 _h[electronic resource] |
| 250 | _a3rd ed. | ||
| 260 |
_aOxford _bBlackwell Science _c2006 |
||
| 300 | _aeBook | ||
| 350 | _a59.50 | ||
| 520 | _aThe 2005 version of the "JCT Intermediate Building Contract" has introduced a very different looking contract format and a number of changes to contract conditions. A completely new Intermediate Building Contract with Contractor's Design has also been issued. This well established guide, which has been thoroughly updated, looks at the changes and key aspects of both forms, and takes account of new case law since the last edition of the book published in 1999. It also discusses the new subcontract agreements. | ||
| 520 | _aSupersedes 2nd edition 1999 (isbn 0632039655) | ||
| 590 | _aIKA040706 | ||
| 650 | 2 | 4 | _aEBOOK |
| 690 | _aBUILT ENVIRONMENT-BUILDING CONTRACT FORMS-STANDARD FORMS OF BUILDING CONTRACT-JOINT CONTRACTS TRIBUNAL CONTRACTS | ||
| 856 | 4 | 8 |
_uhttps://www.vlebooks.com/ _zView on VLEbooks. Logins for members only from [email protected] |
| 942 | _n0 | ||
| 999 |
_c105476 _d105476 |
||